Nineteenth-century British drama : (Record no. 19660)
[ view plain ]
| 000 -LEADER | |
|---|---|
| fixed length control field | 01479cam a22002531 4500 |
| 001 - CONTROL NUMBER | |
| control field | 19660 |
| 003 - CONTROL NUMBER IDENTIFIER | |
| rucl marc code | BD-RjUL |
| 005 - DATE AND TIME OF LATEST TRANSACTION | |
| control field | 20211209000448.0 |
| 008 - FIXED-LENGTH DATA ELEMENTS--GENERAL INFORMATION | |
| fixed length control field | 140225s1967 nyu 000 0 eng |
| 035 ## - SYSTEM CONTROL NUMBER | |
| System control number | (BD-RjUL)19720 |
| 040 ## - CATALOGING SOURCE | |
| Original cataloging agency | DLC |
| Transcribing agency | DLC |
| Modifying agency | DLC |
| -- | BD-RjUL |
| Language of cataloging | eng |
| 041 ## - LANGUAGE CODE | |
| Language code of text/sound track or separate title | eng |
| 082 00 - DEWEY DECIMAL CLASSIFICATION NUMBER | |
| Classification number | 822.808 |
| Author mark and year | NIN 1967 |
| 245 10 - TITLE STATEMENT | |
| Title | Nineteenth-century British drama : |
| Remainder of title | an anthology of representative plays / |
| Statement of responsibility, etc. | edited by Leonard R. N. Ashley. |
| 260 ## - PUBLICATION, DISTRIBUTION, ETC. (IMPRINT) | |
| Place of publication, distribution, etc. | New York : |
| Name of publisher, distributor, etc. | Scott, Foresman, |
| Date of publication, distribution, etc. | c1967. |
| 300 ## - PHYSICAL DESCRIPTION | |
| Pagination | 700 p. ; |
| Size | 19 cm. |
| 504 ## - BIBLIOGRAPHY, ETC. NOTE | |
| Bibliography, etc | Includes bibliographical references. |
| 505 0# - FORMATTED CONTENTS NOTE | |
| Formatted contents note | Nineteenth century British drama; an introduction. --A note on stage directions.--The Cenci, by P. B. Shelley.--Black-ey'd Susan, by D. Jerrold.--The lady of Lyons, by Lord Lytton.--London assurance, by D. Boucicault.--Caste, by T. W. Robertson.--The bells, by L. Lewis.--East Lynne, by T. A. Palmer.--H. M. S. Pinafore, by Sir W. S. Gilbert.--The Countess Cathleen, by W. B. Yeats.--The second Mrs. Tanqueray, by Sir A. W. Pinero.--The importance of being Earnest, by O. Wilde.--Michael and his lost angel, by H. A. Jones.--Dramatic sequels: In the Lyons den; The vengeance of caste; The third Mrs. Tanqueray, by St. J. Hankin.--Biographical and bibliographical notes (p. [681]-694).--Bibliography (p. [695]-700) |
| 650 #0 - SUBJECT ADDED ENTRY--TOPICAL TERM | |
| Topical term or geographic name as entry element | English drama |
| Chronological subdivision | 19th century. |
| 9 (RLIN) | 60418 |
| 700 1# - ADDED ENTRY--PERSONAL NAME | |
| Personal name | Ashley, Leonard R. N., |
| Relator term | ed. |
| 942 ## - ADDED ENTRY ELEMENTS (KOHA) | |
| Source of classification or shelving scheme | Dewey Decimal Classification |
| Koha item type | Books |
| Lost status | Source of classification or shelving scheme | Damaged status | Not for loan | Collection code | Permanent Location | Current Location | Shelving location | Date acquired | Source of acquisition | Cost, normal purchase price | Total Checkouts | Full call number | Date last seen | Copy number | Koha item type |
|---|---|---|---|---|---|---|---|---|---|---|---|---|---|---|---|
| Dewey Decimal Classification | Not For Loan | Fiction | Central Library, University of Rajshahi | Central Library, University of Rajshahi | Reading Room | 19/12/1970 | Sweets & Zaitlinger | 51.60 | 822.808 NIN 1967 | 25/02/2014 | C-1 | Books |